Perfecta religiosa /
Biografía de la religiosa toledana Jerónima de la Asunción (1555-1630), miembro de la rama coletina de la Orden de Santa Clara y abadesa fundadora del convento de Santa Clara de la Concepción, en Manila, Filipinas, quien en su trayecto de la Península Ibérica al Lejano Oriente (1621-22) cruzó por el...
Salvato in:
| Autore principale: | |
|---|---|
| Natura: | Libro |
| Lingua: | spagnolo |
| Soggetti: | |
| Tags: |
Nessun Tag, puoi essere il primo ad aggiungerne!!
|
MARC
| LEADER | 00000nam^a2200000^a^4500 | ||
|---|---|---|---|
| 001 | 000132658 | ||
| 005 | 20250526000000.0 | ||
| 009 | 20260310095105.236 | ||
| 037 | |a Acervo ITESO - Biblioteca | ||
| 041 | |a ESP | ||
| 082 | |a 959. 91602 |b LET | ||
| 100 | |a Letona, Bartolomé de, |e (autor) | ||
| 245 | 1 | 0 | |a Perfecta religiosa / |c B. de Letona. |
| 264 | |a México : |b editorial no identificada, |c 1660 | ||
| 300 | |a [14, 48], 256 p. ; |c 19.5 cm. | ||
| 520 | |a Biografía de la religiosa toledana Jerónima de la Asunción (1555-1630), miembro de la rama coletina de la Orden de Santa Clara y abadesa fundadora del convento de Santa Clara de la Concepción, en Manila, Filipinas, quien en su trayecto de la Península Ibérica al Lejano Oriente (1621-22) cruzó por el actual territorio mexicano. | ||
| 649 | |a XX | ||
| 650 | |a Clarisas Españolas - |x Biografías | ||
| 650 | |a Clarisas en Manila, Filipinas - |x Historia - |y Siglo XVII - |x Tema Principal | ||
| 650 | |a Clarisas en Filipinas - |x Historia - |y Siglo XVII | ||
| 650 | |a Monjas Españolas - |x Biografías | ||
| 650 | |a Religiosos Españoles - |x Biografías | ||
| 650 | |a Mujeres Españolas - |x Biografías | ||
| 650 | |a Conventos y Monasterios - |z Manila, Filipinas - |x Historia - |y Siglo XVII | ||
| 650 | |a Conventos y Monasterios - |z Filipinas - |x Historia - |y Siglo XVII | ||
| 650 | |a Monasticismo y Ordenes Religiosas para Mujeres - |z Manila, Filipinas - |x Historia - |y Siglo XVII | ||
| 650 | |a Monasticismo y Ordenes Religiosas para Mujeres - |z Filipinas - |x Historia - |y Siglo XVII | ||
| 650 | |a Iglesia Católica en Manila, Filipinas - |x Historia - |y Siglo XVII | ||
| 650 | |a Iglesia Católica en Filipinas - |x Historia - |y Siglo XVII | ||
| 650 | |a Catolicismo - |z Manila, Filipinas - |x Historia - |y Siglo XVII | ||
| 650 | |a Catolicismo - |z Filipinas - |x Historia - |y Siglo XVII | ||
| 650 | |a Cristianismo - |z Manila, Filipinas - |x Historia - |y Siglo XVII | ||
| 650 | |a Cristianismo - |z Filipinas - |x Historia - |y Siglo XVII | ||
| 650 | |a Religión - |z Manila, Filipinas - |x Historia - |y Siglo XVII | ||
| 650 | |a Religión - |z Filipinas - |x Historia - |y Siglo XVII | ||
| 650 | |a Manila, Filipinas - |x Historia - |y Siglo XVII - |x Tema Principal | ||
| 650 | |a Manila, Filipinas - |x Historia - |y Capitanes y Audiencia, Primer Período, 1571-1812 | ||
| 650 | |a Manila, Filipinas - |x Historia - |y 1521-1812 | ||
| 650 | |a Manila, Filipinas - |x Historia - |y Epoca Colonial, 1521-1898 | ||
| 650 | |a Filipinas - |x Historia - |y Siglo XVII | ||
| 650 | |a Filipinas - |x Historia - |y Capitanes y Audiencia, Primer Período, 1571-1812 | ||
| 650 | |a Filipinas - |x Historia - |y 1521-1812 | ||
| 650 | |a Filipinas - |x Historia - |y Epoca Colonial, 1521-1898 | ||
| 650 | |a Jerónima de la Asunción, |c Madre - |x Tema Principal | ||
| 910 | |a Fondo Salvador Reynoso Reynoso | ||
| 920 | |a Impresos - Libros | ||
| 930 | |a Libros Antiguos y Raros | ||
| 905 | |a 108 | ||
| 901 | |a 0800012925 |b IT2 |c LRA |u 20250526 | ||
| 902 | |a https://opac.biblio.iteso.mx/vufind/Record/000132658 | ||